000 01616nam2a2200313 4500
001 RU\NLR\bibl\1792337
005 20260406062817.0
010 _a978-5-4224-0268-7
_bт. 7
021 _aRU
_b2011-49228
_93504
035 _a(NLR Aleph) 001783036
090 _a1709718
_c1709718
100 _a20110727d2010 |||y0rusy50 ca
101 1 _arus
_cper
102 _aRU
105 _ay |||||||||
200 1 _aШахнаме
_eперсидская героическая эпопея
_eизбранные сказания
_fАбулькасим Фирдоуси
_g[пер. с фарси Вл. Державина, С. Липкина]
210 _d2010
_aБ. м.
215 _a479, [1] с.
461 0 _1001RU\NLR\bibl\1843281
_12001#$aБиблиотека героического эпоса$v[Т.] 7
_92175149
_cМосква
_d2010
_f[сост.: Е. Кузнец и др.
_nКнижный Клуб Книговек
_oв 10 т.
_tБиблиотека героического эпоса
_y9785422402618
_v[Т.] 7
604 _1700#1$aФирдоуси$bА.$fок.940 - 1020$gАбулькасим
_1500##$a"Шахнаме"$2nlr_sh2$3RU\NLR\AUTH\661556703
_aФирдоуси, Абулькасим (ок.940 - 1020)
_t"Шахнаме"
_92620143
_3RU\NLR\AUTH\661556703
686 _aШ5(0)952.314-4Фирдоуси
701 1 _4070
_8rus
_7ca
_aФирдоуси
_bА.
_fок.940-1020
_gАбулькасим
_3RU\NLR\auth\7712948
_9122656
702 1 _aДержавин
_bВ.
_gВладимир
_4730
801 0 _aRU
_bNLR
_c20110727
_gRCR
801 1 _aRU
_bNLR
_c20110727
942 _cBOOK
980 _aNB